| 000 | 01107nam0a22002651 4500 | ||
|---|---|---|---|
| 001 | rc\4258267 | ||
| 005 | 20250612031835.0 | ||
| 021 |
_aRU _b[68-83459] |
||
| 035 | _a(NLR Aleph) 008480520 | ||
| 090 |
_a7987272 _c7987272 |
||
| 100 | _a20130416d1968 |||y0rusy50 ca | ||
| 101 | 0 | _arus | |
| 102 | _aRU | ||
| 105 | _aa z ||||| | ||
| 200 | 1 |
_aСодержание докладов _fМ-во здравоохранения БССР. Науч.-исслед. ин-т онкологии и мед. радиологии МЗ БССР. Науч. о-во онкологов БССР. III Белорус. науч. конференция онкологов. 2-4 окт. 1968 г. |
|
| 210 |
_aМинск _cПолымя _d1968 |
||
| 215 |
_a366 с. _cил. _d26 |
||
| 320 | _aБиблиогр. в конце докладов | ||
| 606 |
_aОнкология _jСборники _2psbo |
||
| 710 | 1 | 2 | _aБелорусская научная конференция онкологов (3; 1968; Минск) |
| 801 | 0 |
_aRU _bNLR _gpsbo |
|
| 801 | 1 |
_aRU _bELAR _2rusmarc |
|
| 852 |
_aNLR _j68-7/2292 |
||
| 942 | _cBOOK | ||
| 980 | _aNB | ||